00320nam a22001097a 4500020001600000040000900016082001800025100002300043245004800066260004800114650004800162 a04713212729 cNust a621.4021bSON aRicahrd E. Sonntag aIntroduction to engineering thermodynamics  aNew York:bJohn Willey and sons Inc,c2001. aIntroduction to engineering thermodynamics